[Event "23rd ch-SLO 2013"]
[Site "Sentjur SLO"]
[Date "2013.04.08"]
[Round "3.14"]
[White "Gombac,Jan"]
[Black "Kolar,Dr"]
[Result "1-0"]
[WhiteElo "2272"]
[BlackElo "1890"]

1.c4 c6 2.d4 d5 3.Nf3 Nf6 4.Nc3 e6 5.e3 Bb4 6.Bd3 O-O 7.O-O Qc7 8.Bd2 b6
9.Nb5 cxb5 10.Bxb4 bxc4 11.Bxf8 Kxf8 12.Bc2 Nc6 13.Ba4 Ne7 14.Ne5 a6 15.f4 b5
16.Bc2 Kg8 17.Rf3 g6 18.Qe1 Ne4 19.Rh3 Nf5 20.Bxe4 dxe4 21.g4 f6 22.gxf5 fxe5
23.fxg6 exf4 24.Qh4 Bb7 25.Qf6 Qg7 26.Qxe6+ Kf8 27.Rxh7 Bd5 28.Qd6+  1-0

[Event "23rd ch-SLO 2013"]
[Site "Sentjur SLO"]
[Date "2013.04.08"]
[Round "3.4"]
[White "Jelen,Ig"]
[Black "Solmajer,L"]
[Result "1-0"]
[WhiteElo "2376"]
[BlackElo "2047"]

1.d4 d5 2.c4 c6 3.Nc3 e6 4.e3 Nf6 5.Nf3 Nbd7 6.Qc2 Bd6 7.Bd3 O-O 8.O-O dxc4
9.Bxc4 b5 10.Be2 Bb7 11.Rd1 Qc7 12.e4 e5 13.Bg5 b4 14.Na4 exd4 15.Bxf6 Nxf6
16.Rxd4 Ng4 17.h3 Bh2+ 18.Kf1 Nf6 19.Nc5 Rab8 20.Rxb4 Bf4 21.Rd1 Rfe8 22.Rbd4 Bc8
23.Nd3 Bh6 24.Nc5 Bf4 25.b3 h6 26.Nd3 Nxe4 27.Nxf4 Qxf4 28.Bd3 f5 29.Re1 Be6
30.Bxe4 fxe4 31.Rdxe4 Qf7 32.Qxc6 Bd7 33.Rxe8+ Rxe8 34.Rxe8+ Qxe8 35.Qd5+ Be6
36.Qe5 Qf7 37.Nd4 Bd7 38.Kg1 Kh8 39.Qb8+ Be8 40.Qc8 Qe7 41.Qe6 Qd8 42.Nf5 Qd1+
43.Kh2 Bd7 44.Qd6 Qxd6+ 45.Nxd6 Kg8 46.Kg3 g5 47.h4 Kf8 48.hxg5 hxg5 49.Ne4 Kg7  1-0

[Event "23rd ch-SLO 2013"]
[Site "Sentjur SLO"]
[Date "2013.04.08"]
[Round "4.19"]
[White "Titan,M"]
[Black "Bratkovic,Sham"]
[Result "1/2-1/2"]
[WhiteElo "2166"]
[BlackElo "1956"]

1.d4 d5 2.c4 c6 3.Nf3 e6 4.e3 Nf6 5.Nc3 Nbd7 6.Qc2 Bd6 7.Bd3 O-O 8.O-O dxc4
9.Bxc4 a6 10.Rd1 b5 11.Be2 Qc7 12.e4 e5 13.g3 Re8 14.Bg5 exd4 15.Nxd4 Be5
16.Bf3 h6 17.Be3 c5 18.Nf5 Nb6 19.Nd5 Nbxd5 20.exd5 Qd7 21.Nh4 c4 22.d6 Bb7
23.Bxb7 Qxb7 24.Bd4 Bxd4 25.Rxd4 Re4 26.Rad1 g6 27.Qd2 Kg7 28.Ng2 Rd8 29.Ne3 Rd7
30.h4 Qc6 31.Qc3 h5 32.Qd2 Kh7 33.a4 Re6 34.Qb4 Ne4 35.Nd5 Rdxd6 36.axb5 axb5
37.Nf4 Rxd4 38.Rxd4 Re8 39.Rd5 Qb6 40.Nh3 Qe6 41.Ng5+ Nxg5 42.Rxg5 Qe1+ 43.Qxe1 Rxe1+
44.Kg2 Rb1 45.Rxb5 c3 46.Rc5 cxb2 47.Rb5  1/2-1/2

[Event "23rd ch-SLO 2013"]
[Site "Sentjur SLO"]
[Date "2013.04.09"]
[Round "5.18"]
[White "Solmajer,L"]
[Black "Brinovec,David"]
[Result "1/2-1/2"]
[WhiteElo "2047"]
[BlackElo "1836"]

1.d4 d5 2.c4 c6 3.Nf3 Nf6 4.Nc3 e6 5.e3 Nbd7 6.Qc2 Bd6 7.Be2 O-O 8.O-O a6
9.e4 dxe4 10.Nxe4 Nxe4 11.Qxe4 Re8 12.Ne5 Nf6 13.Qh4 Nd7 14.Qxd8 Rxd8 15.Bf4 Nxe5
16.dxe5 Bc7 17.Rfd1 Rxd1+ 18.Rxd1 f6 19.Bf3 g5 20.Be3 Bxe5 21.Rd8+ Kg7 22.Bh5 Rb8
23.Ba7 Ra8 24.Bc5 f5 25.Be8 Bc7 26.Rd3 e5 27.Be7 Be6 28.Bd7 Bxc4 29.Rc3 Bd5
30.Bxf5 h6 31.b3 Re8 32.Bc5 Kf6 33.g4 a5 34.Rh3 Rh8 35.Re3 b6 36.Ba3 h5 37.f3 h4
38.Rd3 Rd8 39.Kf2 c5 40.Bc1 b5 41.Be4 Be6 42.Be3 Rxd3 43.Bxd3 c4 44.bxc4 bxc4
45.Bc2  1/2-1/2

[Event "14th TCh-RUS w 2013"]
[Site "Loo RUS"]
[Date "2013.04.11"]
[Round "4"]
[White "Zaiatz,E"]
[Black "Mammadova,G"]
[Result "1/2-1/2"]
[WhiteElo "2430"]
[BlackElo "2322"]

1.d4 d5 2.c4 c6 3.Nf3 Nf6 4.Nc3 e6 5.e3 Nbd7 6.Qc2 Bd6 7.Bd3 dxc4 8.Bxc4 Qe7
9.O-O e5 10.Bb3 O-O 11.Bd2 e4 12.Ng5 Bxh2+ 13.Kxh2 Ng4+ 14.Kg1 Qxg5 15.Qxe4 Ndf6
16.Qf4 Qxf4 17.exf4 Nh6 18.d5 cxd5 19.Nxd5 Nxd5 20.Bxd5 Rd8 21.Rfe1 Be6 22.Bxb7 Rab8
23.Ba5 Rf8 24.Bf3 Rxb2 25.a3 Nf5 26.Reb1 Rxb1+ 27.Rxb1 Nd4 28.Bd1 Rc8 29.Bd2 h6
30.Be3 Rd8 31.g4 Nb5 32.Rc1 Nxa3 33.f5 Bd7 34.Bxa7 Nb5 35.Be3 Rc8 36.Ra1 h5
37.gxh5 Bxf5 38.Ra5 Bd3 39.Bf3 Bc4 40.Kh2 Rd8  1/2-1/2

[Event "15th Dubai Open 2013"]
[Site "Dubai UAE"]
[Date "2013.04.13"]
[Round "6.28"]
[White "Khademalsharieh,S"]
[Black "Grover,S"]
[Result "0-1"]
[WhiteElo "2267"]
[BlackElo "2467"]

1.d4 e6 2.c4 Nf6 3.Nf3 d5 4.Nc3 c6 5.e3 Nbd7 6.Qc2 Bd6 7.Be2 dxc4 8.Bxc4 b5
9.Bd3 Bb7 10.O-O O-O 11.Ne4 Nxe4 12.Bxe4 f5 13.Bd3 c5 14.Qe2 c4 15.Bc2 Nf6
16.h3 Qe8 17.a4 b4 18.e4 Nxe4 19.Qxc4 Rf6 20.Ne5 Rc8 21.Qe2 Bxe5 22.dxe5 Rg6
23.Bxe4 Bxe4 24.f3 Rc2 25.Bd2 Bd5 26.Qd3 b3 27.Qd4 Qc6 28.Rf2 h5 29.Kh2 a6
30.a5 Rc4 31.Qb6 Qc8 32.Bb4 Rc2 33.Qe3 f4 34.Rxc2 Qxc2 35.Qd2 Qf5 36.Bc3 Bxf3
37.Rg1 Bd5 38.Qf2 Kh7 39.Bd4 Rg3 40.Bc3 h4 41.Bd2 f3 42.Qd4 g5 43.Be1 Rxg2+
44.Rxg2 fxg2 45.Bf2 g1=B+  0-1

[Event "ch-POL 2013"]
[Site "Chorzow POL"]
[Date "2013.04.14"]
[Round "2.10"]
[White "Gajewski,G"]
[Black "Orzech,D"]
[Result "1-0"]
[WhiteElo "2653"]
[BlackElo "2379"]

1.d4 Nf6 2.c4 c6 3.Nc3 d5 4.e3 e6 5.Nf3 Nbd7 6.Bd3 Be7 7.O-O O-O 8.b3 b6
9.Bb2 Bb7 10.Qe2 Qc7 11.Rac1 Rad8 12.Ne5 dxc4 13.Nxc4 c5 14.f4 cxd4 15.exd4 Bb4
16.Nb5 Qb8 17.a3 Be7 18.f5 a6 19.Nc3 b5 20.Na5 Ba8 21.fxe6 Nb6 22.Ne4 Nbd5
23.Nxf6+ Nxf6 24.Nc6 Qd6 25.Nxd8 Bxd8 26.exf7+ Rxf7 27.Qe5 Qb6 28.Bf5 Re7
29.Qc5 Qb7 30.Rf2 Re8 31.Qd6 Bb6 32.Rc8 Rxc8 33.Qe6+ Kf8 34.Qxc8+ Qxc8 35.Bxc8 a5
36.Re2 Be4 37.Ba6 Bd5 38.Bxb5 Bxb3 39.a4 Nd5 40.Ba3+ Nb4 41.Rd2 Kf7 42.Kf1 Nd5
43.Rb2 Ne3+ 44.Ke2  1-0

[Event "ch-POL 2013"]
[Site "Chorzow POL"]
[Date "2013.04.14"]
[Round "2.1"]
[White "Miton,K"]
[Black "Duda,J"]
[Result "1-0"]
[WhiteElo "2628"]
[BlackElo "2497"]

1.d4 d5 2.c4 e6 3.Nc3 c6 4.e3 Nf6 5.Nf3 Nbd7 6.Bd3 dxc4 7.Bxc4 b5 8.Be2 Bb7
9.O-O a6 10.e4 c5 11.e5 Nd5 12.a4 cxd4 13.Nxd5 Bxd5 14.axb5 axb5 15.Rxa8 Qxa8
16.Bxb5 Bc5 17.Qc2 Bc6 18.Bxc6 Qxc6 19.b4 d3 20.Qxd3 Bxb4 21.Ba3 Nc5 22.Qb1 Bxa3
23.Qb8+ Ke7 24.Qxh8 Ne4 25.Qxg7 Bc5 26.Ng5 Bxf2+ 27.Kh1 Qc4 28.Qxf7+ Kd8
29.Rd1+  1-0

[Event "ch-LAT 2013"]
[Site "Riga LAT"]
[Date "2013.04.14"]
[Round "3.1"]
[White "Kovalenko,I"]
[Black "Sveshnikov,V"]
[Result "1-0"]
[WhiteElo "2596"]
[BlackElo "2434"]

1.c4 e6 2.d4 d5 3.Nc3 c6 4.e3 Nf6 5.Nf3 Nbd7 6.Qc2 b6 7.Bd2 Bb7 8.Rc1 Be7
9.cxd5 cxd5 10.Bd3 O-O 11.O-O Qb8 12.a4 Rc8 13.Qb1 h6 14.h3 a6 15.Na2 Ne4
16.Bb4 Bxb4 17.Rxc8+ Qxc8 18.Nxb4 Qf8 19.Na2 a5 20.Bb5 Qd6 21.Rc1 Rc8 22.Rxc8+ Bxc8
23.Nc3 Nef6 24.Qc2 Bb7 25.Nd2 Nb8 26.Qb3 Na6 27.Bxa6 Bxa6 28.Nf3 Bc4 29.Qc2 Qb4
30.Nd2 Ba6 31.f4 Ne8 32.f5 Qd6 33.Nf3 exf5 34.Qxf5 Nf6 35.Ne5 Qe6 36.Qf3 Bb7
37.Qf1 Nd7 38.Nxd7 Qxd7 39.Qf4 Qe7 40.Kf2 g5 41.Qb8+ Kg7 42.Ne2 Qf6+ 43.Kg1 Ba6
44.Ng3 Kh7 45.Qf8 Qg6 46.Qd8 Bc4 47.Qe7 Qe6 48.Qa3 Qg6 49.b3 Bd3 50.b4 axb4
51.Qxb4 h5 52.Qe7 h4 53.Nh1 Be2 54.Qd8 Bh5 55.Qxd5 f6 56.Qb7+ Kh6 57.Qxb6 g4
58.hxg4 Bxg4 59.Qb8 h3 60.Nf2 hxg2 61.Qf4+  1-0

[Event "ch-LAT 2013"]
[Site "Riga LAT"]
[Date "2013.04.14"]
[Round "3.8"]
[White "Dunaveckis,D"]
[Black "Klimakovs,S"]
[Result "1/2-1/2"]
[WhiteElo "2043"]
[BlackElo "2248"]

1.d4 d5 2.c4 c6 3.Nc3 e6 4.e3 Nf6 5.Nf3 Nbd7 6.Bd3 dxc4 7.Bxc4 b5 8.Bd3 Bb7
9.O-O a6 10.e4 c5 11.d5 Qc7 12.Re1 c4 13.dxe6 fxe6 14.Bc2 O-O-O 15.Qe2 e5
16.Bg5 h6 17.Bxf6 Nxf6 18.b3 Bb4 19.Nd5 Nxd5 20.exd5 Bxe1 21.Rxe1 Bxd5 22.Nxe5 cxb3
23.Bxb3 Bxb3 24.axb3 Rhe8 25.Qg4+ Kb8 26.f4 g5 27.Qf3 Re6 28.Qe4 Qb6+ 29.Kf1 gxf4
30.Nd7+ Rxd7 31.Qxe6 Qxe6 32.Rxe6 Kb7 33.Ke2 Rc7 34.Kd2 Rc6 35.Re7+ Kb6 36.Rf7 Rg6
37.Rxf4 Rxg2+ 38.Kc3 Rxh2 39.Rf6+ Kc5 40.Rf5+ Kd6 41.Rf6+ Kd5 42.Kb4 Rh4+
43.Ka5 Kd4 44.Rxa6 Kc3 45.b4 h5 46.Rc6+ Rc4 47.Rc5 h4 48.Kxb5 Rxc5+ 49.bxc5 h3
50.c6 h2 51.c7 h1=Q 52.c8=Q+ Kb2 53.Qb8 Qd5+  1/2-1/2

[Event "15th Dubai Open 2013"]
[Site "Dubai UAE"]
[Date "2013.04.15"]
[Round "9.14"]
[White "Jumabayev,R"]
[Black "Hayrapetyan,Ho"]
[Result "1/2-1/2"]
[WhiteElo "2549"]
[BlackElo "2503"]

1.d4 d5 2.c4 e6 3.Nc3 Nf6 4.Nf3 c6 5.e3 Nbd7 6.Qc2 Bd6 7.Be2 O-O 8.O-O dxc4
9.Bxc4 e5 10.Bb3 Qc7 11.h3 a6 12.Rd1 b5 13.e4 exd4 14.Nxd4 Nc5 15.Bg5 b4
16.Bxf6 bxc3 17.e5 Nxb3 18.Qxb3 Bxe5 19.Bxe5 Qxe5 20.Nxc6 Qe4 21.Qxc3 Bb7
22.Rd6 Bxc6 23.Rxc6 Rfe8 24.Rd1 h6 25.Rd7 Qe1+ 26.Kh2 Qxf2 27.Rg6 Qf4+ 28.Rg3 Qe5
29.Qxe5 Rxe5 30.Rf3 Rf8 31.Ra7 a5 32.b3 f5 33.Kg3 Rf7 34.Rxf7 Kxf7 35.Rc3 Re2
36.a4 Ke6 37.Kf3 Rb2 38.Rc6+ Kd5 39.Rb6 g5 40.Rb5+ Ke6 41.Rb6+ Ke5 42.Rb5+ Ke6
43.g4 f4 44.h4 gxh4 45.Kxf4 Kf6 46.Rb6+ Kg7 47.Rb7+ Kg6 48.Rb6+ Kg7 49.Rb7+  1/2-1/2

[Event "15th Dubai Open 2013"]
[Site "Dubai UAE"]
[Date "2013.04.15"]
[Round "9.5"]
[White "Salem,AR"]
[Black "Laznicka,V"]
[Result "0-1"]
[WhiteElo "2530"]
[BlackElo "2674"]

1.d4 d5 2.c4 c6 3.Nc3 Nf6 4.Nf3 e6 5.e3 a6 6.Qc2 Nbd7 7.a3 dxc4 8.Bxc4 b5
9.Ba2 c5 10.O-O Bb7 11.Rd1 Bxf3 12.gxf3 cxd4 13.exd4 Bd6 14.Ne4 Qc7 15.Nxd6+ Qxd6
16.Bd2 Nd5 17.Rac1 N7b6 18.Ba5 O-O 19.Qc6 Qb8 20.Bxb6 Nxb6 21.Qe4 Nd7 22.Qh4 Nf6
23.Bb1 Rd8 24.Rc5 Qd6 25.b4 Ra7 26.Kh1 Rad7 27.f4 Qb6 28.f5 e5 29.d5 Rxd5
30.Rcxd5 Rxd5 31.Rg1 Rd4 32.Qh3 h5 33.f3 Rd2 34.Be4 Qe3 35.Bb7 Ng4 36.Qxh5 Nf2+
37.Kg2 Nh3+  0-1

[Event "ch-LAT 2013"]
[Site "Riga LAT"]
[Date "2013.04.16"]
[Round "5.1"]
[White "Kovalenko,I"]
[Black "Sveshnikov,E"]
[Result "1-0"]
[WhiteElo "2596"]
[BlackElo "2534"]

1.c4 e6 2.d4 d5 3.Nc3 c6 4.e3 Nf6 5.Nf3 Nbd7 6.Qc2 Bd6 7.b3 O-O 8.Bb2 Re8
9.Be2 dxc4 10.Bxc4 b5 11.Be2 Bb7 12.O-O a6 13.a4 e5 14.Ne4 Nxe4 15.Qxe4 Nf6
16.Qh4 e4 17.Ne5 Nd7 18.Qxd8 Raxd8 19.Nxd7 Rxd7 20.Rfc1 Rc7 21.Rc2 f5 22.Ba3 b4
23.Bb2 a5 24.Rac1 g6 25.g3 h5 26.Kg2 Kh7 27.h3 Rec8 28.Rc5 Ra8 29.g4 Bxc5
30.Rxc5 Bc8 31.d5 fxg4 32.hxg4 Rd7 33.gxh5 Rxd5 34.hxg6+ Kxg6 35.Rxc6+ Kg5
36.Bc4 Rd2 37.Bf6+ Kf5 38.Bd4 Kg5 39.Kg3 Bb7 40.Rd6 Rc2 41.Bf6+ Kf5 42.Bd4 Rf8
43.Kh4 Bc8 44.Bf1 Be6 45.Bh3+ Kg6 46.Bxe6 Kh7 47.Rd7+ Kg6 48.Bd5 Kf5 49.Bf7  1-0

[Event "ch-LAT 2013"]
[Site "Riga LAT"]
[Date "2013.04.16"]
[Round "5.4"]
[White "Dunaveckis,D"]
[Black "Sveshnikov,V"]
[Result "0-1"]
[WhiteElo "2043"]
[BlackElo "2434"]

1.d4 d5 2.c4 e6 3.Nc3 c6 4.e3 Nf6 5.Nf3 Nbd7 6.Bd3 dxc4 7.Bxc4 b5 8.Bd3 Bb7
9.O-O a6 10.e4 c5 11.d5 Qc7 12.Re1 c4 13.Bc2 O-O-O 14.Ng5 Nc5 15.Qf3 e5 16.Qf5+ Kb8
17.Nf3 Bd6 18.Be3 Bc8 19.Qg5 h6 20.Qg3 Nh5 21.Qh4 g6 22.Bxc5 Qxc5 23.g4 Nf4
24.Qg3 h5 25.Ng5 Qc7 26.f3 Bc5+ 27.Kf1 h4 28.d6 hxg3 29.dxc7+ Kxc7 30.Re2 Rxh2
31.Nd5+ Rxd5  0-1

[Event "ch-LAT w 2013"]
[Site "Riga LAT"]
[Date "2013.04.16"]
[Round "5.1"]
[White "Rogule,L"]
[Black "Golubeva,Marija"]
[Result "1-0"]
[WhiteElo "2306"]
[BlackElo "1787"]

1.c4 c6 2.Nf3 Nf6 3.Nc3 d5 4.e3 e6 5.d4 Nbd7 6.Bd3 dxc4 7.Bxc4 b5 8.Bd3 a6
9.e4 c5 10.e5 cxd4 11.Nxb5 axb5 12.exf6 e5 13.fxg7 Bxg7 14.Qe2 Bb7 15.Nxd4 O-O
16.Nf5 Nc5 17.Bc2 e4 18.Qg4 Qf6 19.Bh6 Ne6 20.Nxg7 Nxg7 21.Bxg7 Qxg7 22.Qxg7+ Kxg7
23.Bb3 Rfd8 24.Rd1 f5 25.Ke2 Kf6 26.Ke3 Ke5 27.g3 Bc6 28.Rxd8 Rxd8 29.Rc1 Rd3+
30.Ke2 Rd6 31.Rc5+ Kf6 32.Bc2 Bd5 33.a3 Rc6 34.Rxc6+ Bxc6 35.Ke3 Ke5 36.Bd1 Bd5
37.Be2 Bc6 38.h3 h6 39.Bd1 Bd7 40.b3 Bc6 41.a4 bxa4 42.bxa4 Bd7 43.a5 Bc8
44.Be2 Kd5 45.Kf4 Kd6 46.a6 Kc6 47.a7 Bb7 48.Ba6 Ba8 49.Bc8 Kb6 50.Bxf5 Kxa7
51.Bxe4  1-0

[Event "ch-ESP University 2013"]
[Site "Badajoz ESP"]
[Date "2013.04.17"]
[Round "3.4"]
[White "Silva Rodriguez,F"]
[Black "Pallardo Lozoya,J"]
[Result "0-1"]
[WhiteElo "2175"]
[BlackElo "2360"]

1.d4 d5 2.c4 c6 3.Nc3 Nf6 4.Nf3 e6 5.e3 Nbd7 6.Qc2 Bd6 7.Be2 O-O 8.O-O dxc4
9.Bxc4 b5 10.Be2 Bb7 11.e4 e5 12.Rd1 Qb8 13.Bg5 exd4 14.Rxd4 c5 15.Rd2 b4
16.Rad1 bxc3 17.Rxd6 cxb2 18.e5 Be4 19.Bd3 Bxf3 20.exf6 g6 21.Rxd7 Bxd1 22.Qxd1 Rd8
23.Bb1 Qc7 24.Rd2 Rxd2 25.Bxd2 Rd8 26.Qe1 Qd7 27.Bc3 Qd1 28.Kf1 Qc1 29.Bxb2 Qxe1+
30.Kxe1 Rb8 31.Bc3 Rxb1+ 32.Ke2 Kf8 33.Kd3 Ke8 34.Kc4 Rc1 35.Kb3 Kd7 36.Bd2 Rg1
37.g3 Kc6 38.Kc4 Rb1 39.a3 Ra1 40.Be3 Rxa3 41.Bxc5 Ra1 42.Bd4 Ra4+ 43.Kc3 Kd5
44.Be3 a6 45.h4 h5 46.Kb3 Rc4 47.Bb6 Rc6 48.Bd8 Ke4 49.Be7 Kf3 50.Bb4 Kxf2  0-1

[Event "ch-POL 2013"]
[Site "Chorzow POL"]
[Date "2013.04.17"]
[Round "5.2"]
[White "Swiercz,D"]
[Black "Bartel,Mat"]
[Result "1/2-1/2"]
[WhiteElo "2622"]
[BlackElo "2619"]

1.d4 d5 2.c4 e6 3.Nf3 c6 4.e3 Nf6 5.Nc3 a6 6.Bd3 dxc4 7.Bxc4 b5 8.Be2 Bb7
9.O-O c5 10.dxc5 Bxc5 11.Qxd8+ Kxd8 12.Nd2 Nbd7 13.Nb3 Ke7 14.Na5 Ra7 15.Nxb7 Rxb7
16.Bd2 Nb6 17.Rfc1 Bd6 18.Be1 Rc8 19.a4 Nxa4 20.Rxa4 bxa4 21.Bxa6 Rxc3 22.Bxc3 Ra7
23.Bd3 a3 24.Ra1 Rb7 25.bxa3 Rb3 26.Bxf6+ Kxf6 27.Bc2 Rxa3 28.Rxa3 Bxa3 29.g3 g6
30.Kg2 Kg7 31.Kg1 Kf6 32.Kg2 Kg7 33.Kg1 Kf6 34.Kg2  1/2-1/2

[Event "4th LUCOPEN 2013"]
[Site "Lille FRA"]
[Date "2013.04.17"]
[Round "6.12"]
[White "Maloberti,D"]
[Black "Flear,G"]
[Result "0-1"]
[WhiteElo "2089"]
[BlackElo "2475"]

1.d4 d5 2.c4 e6 3.Nc3 c6 4.e3 Nf6 5.Nf3 Nbd7 6.a3 Bd6 7.Bd3 dxc4 8.Bxc4 O-O
9.O-O e5 10.e4 Qe7 11.Bd3 exd4 12.Nxd4 Nc5 13.Bc2 Rd8 14.Qe2 Bxh2+ 15.Kxh2 Rxd4
16.Re1 Be6 17.Bg5 h6 18.Bf4 Bc4 19.Qf3 Bd3 20.Be3 Qe5+ 21.Bf4 Qe6 22.Bxd3 Nxd3
23.Red1 Rad8 24.Be3 Ne5 25.Rxd4 Nxf3+ 26.gxf3  0-1

[Event "ch-SRB 2013"]
[Site "Vrnjacka Banja SRB"]
[Date "2013.04.17"]
[Round "3.5"]
[White "Ratkovic,Milov"]
[Black "Sedlak,N"]
[Result "0-1"]
[WhiteElo "2296"]
[BlackElo "2577"]

1.d4 d5 2.c4 c6 3.Nc3 Nf6 4.e3 e6 5.Nf3 Nbd7 6.Qc2 Bd6 7.e4 Nxe4 8.Nxe4 dxe4
9.Qxe4 c5 10.Bg5 Be7 11.Bxe7 Qa5+ 12.Nd2 Kxe7 13.O-O-O cxd4 14.Nf3 Nf6 15.Qxd4 Rd8
16.Qxd8+ Qxd8 17.Rxd8 Kxd8 18.Ne5 Ke7 19.Be2 Nd7 20.Nd3 b6 21.Bf3 Rb8 22.Kc2 a5
23.b4 axb4 24.Rb1 Bb7 25.Bxb7 Rxb7 26.Rxb4 Kd6 27.Rb5 Ra7 28.Kb3 e5 29.Rd5+ Ke6
30.a4 Ra5 31.Rb5 Rxb5+ 32.cxb5 e4 33.Nc1 Kd5 34.a5 Nc5+ 35.Kb4 Nd3+ 36.Ka4 bxa5
37.Ne2 Nxf2 38.Kxa5 Nd3 39.b6 Ne5 40.b7 Nd7 41.Kb5 f5 42.g4 fxg4 43.Nc3+ Kd6
44.Nxe4+ Kc7 45.Ka6 Kb8 46.Nd6 h5 47.Kb5 h4 48.Nc4 g3  0-1

[Event "4th LUCOPEN 2013"]
[Site "Lille FRA"]
[Date "2013.04.18"]
[Round "8.13"]
[White "Aubry,F"]
[Black "Flear,G"]
[Result "0-1"]
[WhiteElo "1903"]
[BlackElo "2475"]

1.d4 d5 2.c4 e6 3.Nc3 c6 4.e3 Nf6 5.Nf3 Nbd7 6.Qc2 b6 7.Bd3 Bb7 8.O-O Be7
9.Rd1 Qc7 10.b3 O-O 11.Bb2 h6 12.h3 Rad8 13.Rac1 Qb8 14.Ne5 Nxe5 15.dxe5 Nd7
16.f4 f6 17.exf6 Bxf6 18.Ba3 Nc5 19.Ne2 Nxd3 20.Qxd3 c5 21.Qc2 Qa8 22.Bb2 Bxb2
23.Qxb2 dxc4 24.Ng3 cxb3 25.Nh5 Kf7 26.Rxd8 Qxd8 27.Qxb3 Qd2 28.Qc2 Qxe3+
29.Kh2 Be4 30.Qb2 Bg6  0-1

[Event "Russian Juniors 2013"]
[Site "Loo RUS"]
[Date "2013.04.18"]
[Round "3"]
[White "Gordievsky,D"]
[Black "Bukavshin,I"]
[Result "1-0"]
[WhiteElo "2443"]
[BlackElo "2522"]

1.d4 d5 2.c4 c6 3.Nc3 Nf6 4.e3 e6 5.Nf3 Nbd7 6.Bd3 dxc4 7.Bxc4 b5 8.Bd3 a6
9.e4 c5 10.d5 c4 11.Bc2 e5 12.O-O Bd6 13.Ne2 O-O 14.Ng3 Nc5 15.h3 a5 16.Bg5 h6
17.Be3 Re8 18.Nh4 Nfxe4 19.Ngf5 Nf6 20.Qd2 Bf8 21.Bxc5 Bxc5 22.Rad1 e4 23.d6 Kf8
24.Qf4 Ra6 25.Rfe1 a4 26.Qg3 Bxf5 27.Nxf5 g6 28.Qf4 gxf5 29.Qxh6+ Kg8 30.Qg5+ Kh8
31.d7 Nxd7 32.Qxf5 Rf6 33.Qh5+ Kg7 34.Rxe4 Bxf2+ 35.Kh1 Rxe4 36.Bxe4 Kf8
37.Bf5 Bg3 38.Bxd7 Rd6 39.Rxd6 Bxd6 40.Qh8+ Ke7 41.Qxd8+ Kxd8 42.Bxb5 Be5
43.Bxa4 Bxb2 44.Kg1 Ke7 45.Kf2 Kd6 46.Ke3 Ke5 47.Kd2 Kd4 48.h4 Kc5 49.h5 Bf6
50.Be8 Bg5+ 51.Ke2 f6 52.Kf3 Kd4 53.Bf7 c3 54.Bb3 f5 55.Bc2 Ke5 56.a4 Bd8
57.h6 Kf6 58.h7 Kg7 59.Bxf5  1-0

[Event "TCh-AUT 2 Mitte 2012-13"]
[Site "Fuerstenfeld AUT"]
[Date "2013.04.19"]
[Round "9.3"]
[White "Genser,H"]
[Black "Sandhoefner,F"]
[Result "1/2-1/2"]
[WhiteElo "2290"]
[BlackElo "2221"]

1.d4 d5 2.c4 c6 3.Nc3 Nf6 4.e3 e6 5.Nf3 Nbd7 6.Qc2 Bd6 7.Bd3 O-O 8.O-O dxc4
9.Bxc4 b5 10.Be2 Bb7 11.e4 e5 12.dxe5 Nxe5 13.Nd4 Qb6 14.Nf5 Bc5 15.Bg5 Nfg4
16.Bh4 g6 17.Bxg4 Nxg4 18.h3 Nxf2 19.Bxf2 gxf5 20.exf5 Bxf2+ 21.Rxf2 c5 22.f6 Kh8
23.Re1 Rg8 24.Re7 c4 25.Ne4 Bd5 26.Qd2 Bxe4 27.Rxe4 Rad8 28.Qf4 a6 29.Re7 Rd4
30.Qf5 Rd1+ 31.Kh2 Qd6+ 32.Qe5 Qxe5+ 33.Rxe5 Rd6 34.a4 Rb8 35.axb5 axb5 36.Rc5 h6
37.Rff5 Rd2 38.Rh5 Kh7 39.Rcg5 Rg8 40.Rxg8 Kxg8 41.Rxb5 Kh7 42.Rb4 Kg6 43.Rxc4 Rxb2
44.Rf4 Rb6 45.Kg3 Rxf6 46.Ra4  1/2-1/2

[Event "77th ch-BUL 2013"]
[Site "Bankya BUL"]
[Date "2013.04.20"]
[Round "5.2"]
[White "Enchev,I"]
[Black "Ninov,N"]
[Result "1-0"]
[WhiteElo "2451"]
[BlackElo "2504"]

1.d4 d5 2.c4 e6 3.Nc3 c6 4.e3 Nf6 5.Nf3 Nbd7 6.Qc2 Bd6 7.Bd3 O-O 8.O-O dxc4
9.Bxc4 b5 10.Bd3 Bb7 11.Ng5 h6 12.Nge4 Bb8 13.f4 Qb6 14.a4 Nxe4 15.a5 Qc7
16.Nxe4 f5 17.Nc5 Nxc5 18.dxc5 a6 19.b4 Bc8 20.Bb2 Qe7 21.Rae1 Ra7 22.e4 Qd8
23.Qc3 Rd7 24.exf5 exf5 25.Re6 Qc7 26.Rg6 Kh7 27.Rg3 Re7 28.Be2 g6 29.Rh3 h5
30.Bxh5 gxh5 31.Qg3 Re6 32.Rxh5+ Rh6 33.Rxh6+ Kxh6 34.Qg5+  1-0

[Event "TCh-HUN 2012-13"]
[Site "Budapest HUN"]
[Date "2013.04.21"]
[Round "9"]
[White "Aczel,G"]
[Black "Fodor,T jr"]
[Result "0-1"]
[WhiteElo "2431"]
[BlackElo "2487"]

1.d4 d5 2.c4 c6 3.Nc3 Nf6 4.e3 e6 5.Nf3 Nbd7 6.Qc2 Bd6 7.b3 O-O 8.Be2 dxc4
9.bxc4 e5 10.O-O Qe7 11.c5 Bc7 12.Ba3 Ba5 13.Rfe1 b5 14.Rab1 e4 15.Nd2 Bxc3
16.Qxc3 Nd5 17.Qa5 N7f6 18.Bb2 Rb8 19.a4 a6 20.Bf1 h5 21.Ba3 Bd7 22.f3 Rfe8
23.Rb3 h4 24.h3 exf3 25.Nxf3 Ne4 26.Ne5 Qf6 27.Nxd7 Qf2+ 28.Kh2 Nd2 29.Qxd2 Qxd2
30.Reb1 Nxe3 31.Nxb8 Qf2 32.Rxe3 Rxe3 33.Kh1 Rxa3 34.axb5 cxb5 35.c6 Qxd4
36.Re1 Qd6 37.Re8+ Kh7  0-1

[Event "TCh-HUN 2012-13"]
[Site "Budapest HUN"]
[Date "2013.04.21"]
[Round "9"]
[White "Horvath,And"]
[Black "Dudas,E"]
[Result "1-0"]
[WhiteElo "2325"]
[BlackElo "2253"]

1.d4 d5 2.c4 c6 3.Nc3 Nf6 4.e3 e6 5.Nf3 Be7 6.Bd3 dxc4 7.Bxc4 a6 8.O-O b5
9.Bd3 Nbd7 10.e4 b4 11.Na4 Bb7 12.Qc2 c5 13.dxc5 Nxc5 14.Nxc5 Bxc5 15.Bb5+ Nd7
16.Ba4 Qc7 17.Rd1 Bc6 18.Bf4 Qb6 19.Bxc6 Qxc6 20.Rac1 Qb6 21.Qd2 Nf6 22.Qc2 Be7
23.Be3 Qb7 24.Qa4+ Qb5 25.Qxb5+ axb5 26.Bc5 Nxe4 27.Bxe7 Kxe7 28.Rc7+ Kf6
29.Rd4 Kf5  1-0

[Event "48th Capablanca Open I 2013"]
[Site "Havana CUB"]
[Date "2013.04.23"]
[Round "3.32"]
[White "Romero,N"]
[Black "Diaz Hernandez,H"]
[Result "1/2-1/2"]
[WhiteElo "2107"]
[BlackElo "2345"]

1.d4 Nf6 2.Nf3 e6 3.c4 d5 4.Nc3 c6 5.e3 Nbd7 6.Qc2 Bd6 7.b3 O-O 8.Be2 e5
9.cxd5 Nxd5 10.Nxd5 cxd5 11.dxe5 Nxe5 12.Bb2 Bb4+ 13.Kf1 Nxf3 14.Bxf3 Be6
15.h4 Qd7 16.g3 Bf5 17.Qd1 Qb5+ 18.Kg2 Bd3 19.a4 Qa6 20.Bxd5 Rfd8 21.Qf3 Qg6
22.h5 Qf5 23.Qxf5 Bxf5 24.Bxb7 Rab8 25.Bf3 Be7 26.Bd4 a5 27.Be5 Bd6 28.Bxd6 Rxd6
29.Rhd1 Rxd1 30.Rxd1 Be6 31.Bd5 Bg4 32.f3 Bxh5 33.Rc1 Kf8 34.Rc5 Ke7 35.Rxa5 Kd6
36.Bc4 Bg6 37.e4 Rb7 38.Kf2 f6 39.Ke3 Be8 40.Kd4 Bd7 41.Ra6+ Kc7 42.Kc5 h5
43.Bf7 Kd8 44.Rb6 Rc7+ 45.Kb4 Bxa4 46.Bxh5 Bc6 47.Bg4 Ke7 48.Rb8 g6 49.Rc8 Rb7+
50.Kc4 Bb5+ 51.Kc5 Be2 52.b4 Rb5+ 53.Kd4 Rxb4+ 54.Ke3 Bd1 55.Rc7+ Ke8 56.Rg7 Rb3+
57.Kf2 g5 58.Bh5+ Kd8 59.Rf7 Rb6 60.Ke1 Bb3 61.Ra7 Be6 62.Kd2 Rb2+ 63.Ke3 Rg2
64.Bf7 Bd7 65.g4 Rc2 66.Kd4 Rd2+ 67.Ke3 Rc2 68.Bd5 Rc3+ 69.Kd2 Rxf3 70.e5 Rf4
71.e6 Rd4+ 72.Ke3 Rxd5 73.exd7 Rxd7 74.Ra4 Ke7 75.Ke4 Rd1 76.Ra7+ Ke6 77.Ra6+ Rd6
78.Ra5 Rb6 79.Ra4 Rb1 80.Ra6+ Kf7 81.Kf3 Rb3+ 82.Kf2 Rd3 83.Kg2 Ke7 84.Kf2 Rd6
85.Ra4 Ke6 86.Ke3 Rd5 87.Ra6+ Ke5 88.Ra8 Rb5 89.Re8+ Kd6 90.Rd8+ Ke6 91.Re8+ Kf7
92.Ra8 Rb3+ 93.Kf2 Rb5 94.Ra6 Rd5 95.Kf3 Ke7 96.Ke4 Rd6 97.Ra7+ Ke6 98.Ra5 Rb6
99.Kf3 Rb3+ 100.Kf2 Rd3 101.Rb5 Rd5 102.Rb4 Ke5 103.Ke3 Rc5 104.Re4+ Kd6
105.Rd4+ Rd5 106.Ra4 Ke6 107.Ra6+ Ke5 108.Ra4 f5 109.gxf5 Kxf5 110.Kf2 Rd2+
111.Kg1 Rd3 112.Ra1 Kf4 113.Ra4+ Kg3 114.Ra1 Kh3 115.Rb1 Rg3+ 116.Kh1 g4
117.Ra1  1/2-1/2

[Event "Russian Juniors 2013"]
[Site "Loo RUS"]
[Date "2013.04.23"]
[Round "8"]
[White "Bukavshin,I"]
[Black "Pakhomov,E"]
[Result "1-0"]
[WhiteElo "2522"]
[BlackElo "2454"]

1.d4 d5 2.c4 e6 3.Nc3 c6 4.e3 Nf6 5.Nf3 Nbd7 6.Qc2 Bd6 7.b3 O-O 8.Bb2 Qe7
9.Bd3 e5 10.cxd5 cxd5 11.dxe5 Nxe5 12.Nxe5 Bxe5 13.Ne2 Re8 14.h3 Qb4+ 15.Bc3 Qh4
16.Bxe5 Rxe5 17.Qc3 Rg5 18.g3 Qh5 19.Rc1 Bd7 20.Qd4 Bc6 21.Nf4 Qf3 22.Rh2 Re8
23.Qxa7 Rge5 24.Qd4 h5 25.Ne2 Ne4 26.h4 R5e6 27.Rc2 Rf6 28.Bxe4 Rxe4 29.Qd3 Rfe6
30.Kd2 d4 31.Nxd4 Qf6 32.Kc1 Re8 33.Qc3 Bd5 34.Kb2 R4e7 35.Nb5 Qf3 36.Nd4 Qg4
37.Qd2 Rd7 38.Rc5 b6 39.Rc1 Ra8 40.Qe2 Qg6 41.Rc3 Qd6 42.a4 Rdd8 43.f4 Qg6
44.Qe1 Be4 45.Rd2 Rd6 46.Ne2 b5 47.axb5 Qf6 48.Nd4 Qe7 49.Rc4 Rd5 50.Ra4 Rxa4
51.bxa4 Qb4+ 52.Nb3 Rd3 53.Qd1 Rxe3 54.Rd8+ Kh7 55.Qxh5+  1-0